[Event "44.Semif. C. ITA Magistrale"]
[Site "Salsomaggiore Terme ITA"]
[Date "1984.11.30"]
[Round "7.14"]
[White "Pecci, Pierluigi"]
[Black "Iudicello, Marco"]
[Result "0-1"]
[WhiteElo "2017"]
[BlackElo "1973"]
[Annotator "Gabriele Ballarin"]
[PlyCount "132"]
[EventDate "1984.11.24"]
[EventType "swiss"]
[EventRounds "9"]
[EventCountry "ITA"]

1. d4 e6 2. c4 Nf6 3. Nf3 d5 4. Nc3 c6 5. cxd5 exd5 6. Qc2 Bg4 7. Ne5 Be6 8. Bg5 Be7 9. e3 Nbd7 10. Nxd7 Nxd7 11. Bf4 O-O 12. Bd3 Nf6 13. O-O Bd6 14. Bg5 h6 15. Bh4 Bxh2+ 16. Kxh2 Ng4+ 17. Kg3 g5 18. Rh1 gxh4+ 19. Rxh4 Qg5 20. f4 Qg7 21. Kf3 f5 22. Rah1 Rf6 23. Ne2 Re8 24. Ng3 Bd7 25. Re1 Nxe3 26. Qd2 Rg6 27. Nh5 Nxg2 28. Rxe8+ Bxe8 29. Qxg2 Rxg2 30. Nxg7 Rxg7 31. Bxf5 h5 32. Be6+ Kf8 33. Rh1 Bg6 34. Rh2 Be4+ 35. Kf2 Rh7 36. Kg3 Ke7 37. Bc8 Kf6 38. Bh3 h4+ 39. Kf2 Bf5 40. Bf1 h3 41. b4 Rh8 42. Kf3 Rh7 43. Kg3 Rg7+ 44. Kf3 Bg4+ 45. Kf2 Kf5 46. Bxh3 Bxh3 47. Rxh3 Ke4 48. Re3+ Kxd4 49. Kf3 Kc4 50. a3 d4 51. Re4 Kd5 52. f5 d3 53. Re1 Kd4 54. Rd1 Kc3 55. f6 Rd7 56. Ke3 d2 57. Ke2 Rd6 58. Rf1 Kc2 59. f7 Re6+ 60. Kf3 Rf6+ 61. Kg2 Rxf1 62. Kxf1 d1=Q+ 63. Kf2 Qd4+ 64. Ke2 Qe5+ 65. Kf3 Qd5+ 66. Ke3 Qxf7 0-1

[Event "44.Semif. C. ITA Magistrale"]
[Site "Salsomaggiore Terme ITA"]
[Date "1984.11.30"]
[Round "7.16"]
[White "Pienabarca, Nicola"]
[Black "Paoli, Enrico"]
[Result "0-1"]
[WhiteElo "1909"]
[BlackElo "2190"]
[Annotator "Gabriele Ballarin"]
[PlyCount "94"]
[EventDate "1984.11.24"]
[EventType "swiss"]
[EventRounds "9"]
[EventCountry "ITA"]

1. e4 c5 2. d4 cxd4 3. c3 dxc3 4. Nxc3 d6 5. Nf3 Nc6 6. Bc4 e6 7. O-O Nf6 8. Qe2 Be7 9. Rd1 Bd7 10. Bg5 O-O 11. Nb5 Qb8 12. Bxf6 gxf6 13. Rd2 Rd8 14. Rad1 Be8 15. Nh4 Ne5 16. Bb3 Ng6 17. Nxg6 hxg6 18. Nd4 Bd7 19. Qf3 Kg7 20. Qg3 Rh8 21. Nf3 Bc6 22. Qf4 Qc7 23. Qe3 Qa5 24. h3 Qc5 25. Nd4 Bd7 26. Qe2 Qh5 27. Qd3 Rac8 28. Bc4 a6 29. Qb3 b5 30. Be2 Qe5 31. Bf3 Rc4 32. Qa3 Ra4 33. Qb3 Rc8 34. a3 Rac4 35. Be2 Rc1 36. Qe3 Rxd1+ 37. Rxd1 Bd8 38. b4 f5 39. Nf3 Qxe4 40. Rxd6 Bc6 41. Qxe4 fxe4 42. Nd4 Bd5 43. Rxa6 Rc1+ 44. Kh2 Bf6 45. Nxe6+ fxe6 46. Bxb5 Be5+ 47. g3 e3 0-1

[Event "44.Semif. C. ITA Magistrale"]
[Site "Salsomaggiore Terme ITA"]
[Date "1984.11.30"]
[Round "7.17"]
[White "Magrin, Antonio"]
[Black "Accorsini, Cesare"]
[Result "1-0"]
[WhiteElo "2116"]
[BlackElo "2035"]
[Annotator "Gabriele Ballarin"]
[PlyCount "55"]
[EventDate "1984.11.24"]
[EventType "swiss"]
[EventRounds "9"]
[EventCountry "ITA"]

1. d4 e6 2. Nf3 Nf6 3. Bf4 d5 4. e3 Bd6 5. Bg3 O-O 6. Nbd2 Nbd7 7. Bd3 Qe7 8. Ne5 Bxe5 9. dxe5 Ne8 10. c3 f5 11. h4 c5 12. Nf3 c4 13. Bc2 Nc7 14. h5 Na6 15. Bf4 Nac5 16. Nh4 Qf7 17. Qe2 Nd3+ 18. Bxd3 cxd3 19. Qxd3 Qxh5 20. Qf1 b6 21. Nf3 Qe8 22. Rh3 Nc5 23. O-O-O Ba6 24. Qh1 Nd3+ 25. Rxd3 Bxd3 26. Rxh7 Qa4 27. Nd4 Qe8 28. Nxe6 1-0

[Event "44.Semif. C. ITA Magistrale"]
[Site "Salsomaggiore Terme ITA"]
[Date "1984.11.30"]
[Round "7.18"]
[White "Mussap, Angelo"]
[Black "Pernisco, Ermanno"]
[Result "0-1"]
[WhiteElo "1900"]
[BlackElo "2010"]
[Annotator "Gabriele Ballarin"]
[PlyCount "94"]
[EventDate "1984.11.24"]
[EventType "swiss"]
[EventRounds "9"]
[EventCountry "ITA"]

1. e4 c5 2. Nf3 Nc6 3. d4 cxd4 4. Nxd4 g6 5. Be3 Nf6 6. Nc3 Bg7 7. Qd2 O-O 8. Be2 d5 9. exd5 Nxd5 10. Nxd5 Qxd5 11. Bf3 Qe5 12. Nxc6 bxc6 13. O-O Ba6 14. Rfb1 Rfd8 15. Qe1 Qc7 16. Bd2 Rd6 17. Bf4 e5 18. Bd2 Re8 19. Bc3 Bc4 20. Rd1 Rxd1 21. Rxd1 f5 22. b3 Bf7 23. Ba5 Qc8 24. g3 e4 25. Be2 f4 26. gxf4 Qh3 27. Qf1 Qf5 28. Bc7 Bh6 29. Qg2 Bxf4 30. Bxf4 Qxf4 31. Qg3 Qf6 32. Qd6 Qg5+ 33. Qg3 Qc5 34. c4 e3 35. Rd3 exf2+ 36. Qxf2 Qg5+ 37. Kf1 Be6 38. Qg3 Qc1+ 39. Qe1 Qf4+ 40. Qf2 Qc1+ 41. Qe1 Qb2 42. Qd2 Qe5 43. Bf3 Bh3+ 44. Kg1 Qa1+ 45. Kf2 Qf1+ 46. Kg3 Bf5 47. Rd8 Qh3+ 0-1

[Event "44.Semif. C. ITA Magistrale"]
[Site "Salsomaggiore Terme ITA"]
[Date "1984.11.30"]
[Round "7.19"]
[White "Valguarnera, Girolamo"]
[Black "Bonugli, Carlo"]
[Result "1/2-1/2"]
[WhiteElo "1999"]
[BlackElo "1921"]
[Annotator "Gabriele Ballarin"]
[PlyCount "114"]
[EventDate "1984.11.24"]
[EventType "swiss"]
[EventRounds "9"]
[EventCountry "ITA"]

1. Nf3 Nf6 2. g3 g6 3. Bg2 Bg7 4. O-O O-O 5. c4 d6 6. Nc3 Nbd7 7. d4 e5 8. dxe5 dxe5 9. Qc2 c6 10. Rd1 Qe7 11. b3 Re8 12. e4 Nf8 13. a4 Bg4 14. Ba3 Qc7 15. Bd6 Qc8 16. Bxe5 Bxf3 17. Bxf3 Rxe5 18. Bg2 g5 19. f4 gxf4 20. gxf4 Rh5 21. Rd3 Ng6 22. Qd2 Bh6 23. Ne2 Rh4 24. Qc3 Nh5 25. Rad1 Qf8 26. f5 Qc5+ 27. Kh1 Qe5 28. Rd8+ Rxd8 29. Rxd8+ Bf8 30. Qxe5 Nxe5 31. Rb8 Ng4 32. b4 b6 33. Nd4 Nf2+ 34. Kg1 Nxe4 35. Nxc6 Kg7 36. Rb7 Nd6 37. Rxa7 Rxc4 38. Bd5 Rf4 39. Nd8 Kf6 40. Bxf7 Rg4+ 41. Kf1 Rg7 42. a5 bxa5 43. Ra6 Rxf7 44. Nxf7 Kxf7 45. bxa5 Ke7 46. Ra7+ Kf6 47. Rxh7 Ng7 48. Rh8 Be7 49. Rb8 Nge8 50. a6 Nc7 51. a7 Kxf5 52. a8=Q Nxa8 53. Rxa8 Kg4 54. Kg2 Nf5 55. Ra4+ Kh5 56. Ra5 Kg4 57. h3+ Kf4 1/2-1/2

[Event "44.Semif. C. ITA Magistrale"]
[Site "Salsomaggiore Terme ITA"]
[Date "1984.11.30"]
[Round "7.20"]
[White "Ricca, Roberto"]
[Black "Pipitone, Antonio"]
[Result "0-1"]
[WhiteElo "1900"]
[BlackElo "2048"]
[Annotator "Gabriele Ballarin"]
[PlyCount "60"]
[EventDate "1984.11.24"]
[EventType "swiss"]
[EventRounds "9"]
[EventCountry "ITA"]

1. e4 c5 2. d4 cxd4 3. Nf3 d6 4. c3 dxc3 5. Nxc3 Nc6 6. Bc4 e6 7. O-O Nf6 8. Qe2 Be7 9. Rd1 e5 10. h3 O-O 11. Be3 a6 12. b4 b5 13. Bb3 Be6 14. Nd5 Bxd5 15. exd5 Na7 16. a4 Qd7 17. Rdc1 bxa4 18. Rxa4 Nxd5 19. Qxa6 Nxe3 20. fxe3 Rac8 21. Bc4 Rc7 22. Rd1 Qc8 23. b5 Rxc4 24. Rxc4 Qxc4 25. Qxa7 Qb3 26. Rd2 Bd8 27. Qd7 Qxe3+ 28. Kh1 e4 29. Rxd6 exf3 30. Qxd8 f2 0-1

[Event "44.Semif. C. ITA Magistrale"]
[Site "Salsomaggiore Terme ITA"]
[Date "1984.11.30"]
[Round "7.21"]
[White "Luppi, Sergio Guido     "]
[Black "Rossi, Gianpiero"]
[Result "1-0"]
[WhiteElo "1988"]
[BlackElo "2014"]
[Annotator "Gabriele Ballarin"]
[PlyCount "81"]
[EventDate "1984.11.24"]
[EventType "swiss"]
[EventRounds "9"]
[EventCountry "ITA"]

1. Nf3 d5 2. b3 Nf6 3. Bb2 e6 4. g3 Be7 5. Bg2 O-O 6. O-O Nbd7 7. c4 c6 8. d3 b6 9. Nbd2 Bb7 10. Qc2 Rc8 11. Rad1 Qc7 12. e4 Rfd8 13. a3 Qb8 14. b4 Qa8 15. e5 Ne8 16. Ne1 c5 17. b5 Nc7 18. f4 g6 19. a4 a6 20. Nef3 Ne8 21. Rde1 Ng7 22. g4 d4 23. Rf2 Qb8 24. Nf1 Qc7 25. Ng3 axb5 26. axb5 Ra8 27. Qe2 Ra2 28. Rff1 Rda8 29. g5 R8a7 30. h4 Qb8 31. Kf2 Qa8 32. Rb1 Nf8 33. h5 Nf5 34. Nxf5 exf5 35. hxg6 hxg6 36. Rh1 Ne6 37. Kg3 Bf8 38. Rh4 Bg7 39. Qf1 Qb8 40. Qh1 Kf8 41. Rh8+ 1-0

[Event "44.Semif. C. ITA Magistrale"]
[Site "Salsomaggiore Terme ITA"]
[Date "1984.11.30"]
[Round "7.22"]
[White "Donatelli, Giovanni"]
[Black "Piccardo, Marco"]
[Result "0-1"]
[WhiteElo "1900"]
[BlackElo "2002"]
[Annotator "Gabriele Ballarin"]
[PlyCount "96"]
[EventDate "1984.11.24"]
[EventType "swiss"]
[EventRounds "9"]
[EventCountry "ITA"]

1. e4 e5 2. Nf3 Nc6 3. Be2 Nf6 4. d3 d5 5. exd5 Nxd5 6. O-O Be7 7. Re1 Be6 8. Bf1 Qd6 9. Nbd2 f6 10. Ne4 Qd7 11. d4 Bg4 12. Be2 Bxf3 13. Bxf3 Nxd4 14. Bg4 Qa4 15. b3 Qc6 16. c4 Nb4 17. Nc3 Rd8 18. Bd2 Nbc2 19. Rc1 Nxe1 20. Qxe1 Ba3 21. Rd1 h5 22. Bh3 O-O 23. Nd5 Rxd5 24. cxd5 Qxd5 25. Be3 c5 26. Bf5 Bb4 27. Qf1 a6 28. Bd3 b5 29. a4 Qxb3 30. axb5 axb5 31. Bxd4 exd4 32. Bxb5 Qc3 33. Bc4+ Kh7 34. Qe2 Kh6 35. Bd3 f5 36. h4 Qb3 37. Bc4 Qa4 38. Qe6+ Rf6 39. Qe2 Qa8 40. Rd3 Qf8 41. Qe5 Qd6 42. Qe2 Rf8 43. Rg3 g6 44. Qf3 Bd2 45. Qa3 Re8 46. Rb3 Re1+ 47. Bf1 Qe5 48. g3 Qe2 0-1

[Event "44.Semif. C. ITA Magistrale"]
[Site "Salsomaggiore Terme ITA"]
[Date "1984.11.30"]
[Round "7.23"]
[White "Rodella, Franco"]
[Black "Ruggeri, Pietro"]
[Result "0-1"]
[WhiteElo "1910"]
[BlackElo "1900"]
[Annotator "Gabriele Ballarin"]
[PlyCount "62"]
[EventDate "1984.11.24"]
[EventType "swiss"]
[EventRounds "9"]
[EventCountry "ITA"]

1. Nf3 d5 2. d4 Nf6 3. c4 e6 4. Qc2 Be7 5. Bf4 O-O 6. e3 c5 7. Nc3 cxd4 8. Nxd4 Nbd7 9. Nf3 Qa5 10. Be2 dxc4 11. Bxc4 e5 12. Bg3 e4 13. Nd2 Bb4 14. Nb3 Bxc3+ 15. bxc3 Qa4 16. Be2 Re8 17. Rd1 Nc5 18. O-O Be6 19. c4 Nd3 20. Bxd3 exd3 21. Qxd3 Bxc4 22. Qd4 Re4 23. Qd2 Bxf1 24. Nc5 Qe8 25. Rxf1 Rd8 26. Qb2 Re7 27. Nxb7 Rd5 28. Nd6 Qd7 29. Qb4 Re6 30. e4 Rdxd6 31. Bxd6 Rxd6 0-1

[Event "44.Semif. C. ITA Magistrale"]
[Site "Salsomaggiore Terme ITA"]
[Date "1984.12.01"]
[Round "8.2"]
[White "Tirabassi, Maurizio"]
[Black "Cerchiari, Fulvio Andrea"]
[Result "1-0"]
[WhiteElo "2117"]
[BlackElo "2040"]
[Annotator "Gabriele Ballarin"]
[PlyCount "89"]
[EventDate "1984.11.24"]
[EventType "swiss"]
[EventRounds "9"]
[EventCountry "ITA"]

1. c4 f5 2. g3 Nf6 3. Bg2 e6 4. Nf3 Be7 5. O-O O-O 6. b3 d6 7. d4 Qe8 8. Nc3 Qh5 9. Qc2 Nc6 10. e4 e5 11. dxe5 Ng4 12. h3 Ngxe5 13. Nxe5 dxe5 14. Qd1 Qe8 15. Nd5 Bd8 16. Ba3 Rf7 17. exf5 Bxf5 18. Re1 Qd7 19. Kh2 Be6 20. Qd2 h6 21. Rad1 Bg5 22. Qe2 Nd4 23. Qxe5 Nc2 24. Nb4 Bf6 25. Rxd7 Bxe5 26. Rxf7 Nxe1 27. Re7 Nxg2 28. Rxe6 Ne1 29. f4 Rd8 30. Nd5 c6 31. Kh1 cxd5 32. Rxe5 dxc4 33. Rxe1 cxb3 34. axb3 Rd3 35. Kg2 Rxb3 36. Bd6 a5 37. Re7 a4 38. Be5 Kf8 39. Rxg7 a3 40. Rd7 b5 41. Rb7 Ke8 42. g4 b4 43. g5 hxg5 44. fxg5 Re3 45. Bf6 1-0

[Event "44.Semif. C. ITA Magistrale"]
[Site "Salsomaggiore Terme ITA"]
[Date "1984.12.01"]
[Round "8.3"]
[White "Drei, Andrea"]
[Black "Anceschi, Vittorio"]
[Result "0-1"]
[WhiteElo "2170"]
[BlackElo "2192"]
[Annotator "Gabriele Ballarin"]
[PlyCount "88"]
[EventDate "1984.11.24"]
[EventType "swiss"]
[EventRounds "9"]
[EventCountry "ITA"]

1. e4 e6 2. d4 d5 3. Nd2 Nf6 4. e5 Nfd7 5. Bd3 c5 6. c3 Nc6 7. Ne2 f6 8. Nf4 Qe7 9. Qh5+ Qf7 10. Qh3 cxd4 11. Qxe6+ Qxe6 12. Nxe6 Ndxe5 13. Nc7+ Kd7 14. Nxa8 Nxd3+ 15. Ke2 Nxc1+ 16. Raxc1 b6 17. c4 Ba6 18. Kd1 dxc4 19. Nxc4 Bxc4 20. Rxc4 Bd6 21. Nxb6+ axb6 22. Re1 b5 23. Rc2 Ra8 24. a3 b4 25. axb4 Nxb4 26. Rc4 Ra1+ 27. Kd2 Rxe1 28. Kxe1 d3 29. g3 Ke6 30. Kd2 Kd5 31. Rc8 Be5 32. b3 Bd4 33. Rd8+ Ke5 34. Rd7 g5 35. Re7+ Kd6 36. Rxh7 Bxf2 37. Rb7 Kc5 38. Rc7+ Kd5 39. Rd7+ Ke4 40. Re7+ Kd4 41. Rc7 Be3+ 42. Kd1 Nd5 43. Rc4+ Ke5 44. b4 f5 0-1

[Event "44.Semif. C. ITA Magistrale"]
[Site "Salsomaggiore Terme ITA"]
[Date "1984.12.01"]
[Round "8.4"]
[White "Benedetti, Fabrizio"]
[Black "Messa, Roberto"]
[Result "1-0"]
[WhiteElo "2094"]
[BlackElo "2337"]
[Annotator "Gabriele Ballarin"]
[PlyCount "65"]
[EventDate "1984.11.24"]
[EventType "swiss"]
[EventRounds "9"]
[EventCountry "ITA"]

1. e4 e6 2. d4 d5 3. Nd2 Nf6 4. e5 Nfd7 5. Bd3 c5 6. c3 Nc6 7. Ne2 cxd4 8. cxd4 f6 9. exf6 Nxf6 10. O-O Bd6 11. Nf3 Qc7 12. Ng3 O-O 13. Bd2 Bd7 14. Rc1 Qb6 15. Bc3 Bf4 16. Bd2 Bd6 17. Bc3 Bf4 18. Bd2 Bxg3 19. hxg3 Nxd4 20. Be3 Nxf3+ 21. gxf3 Qd8 22. Bd4 Rc8 23. Kg2 Rxc1 24. Qxc1 Bc6 25. Qg5 Qd7 26. Rh1 Ne4 27. Qh5 h6 28. Qg6 Rf6 29. Bxf6 Nxf6 30. Rxh6 d4 31. Qg5 Qf7 32. Rh4 Qd7 33. Qe5 1-0

[Event "44.Semif. C. ITA Magistrale"]
[Site "Salsomaggiore Terme ITA"]
[Date "1984.12.01"]
[Round "8.5"]
[White "Mantovani, Renzo"]
[Black "Passerotti, Pierluigi"]
[Result "0-1"]
[WhiteElo "2146"]
[BlackElo "2248"]
[Annotator "Gabriele Ballarin"]
[PlyCount "84"]
[EventDate "1984.11.24"]
[EventType "swiss"]
[EventRounds "9"]
[EventCountry "ITA"]

1. e4 e5 2. Nf3 Nc6 3. Nc3 g6 4. Bc4 Bg7 5. d3 d6 6. Ng5 Nh6 7. h4 Nd4 8. h5 f6 9. Nxh7 g5 10. Nd5 Rxh7 11. c3 Ne6 12. Ne3 c6 13. Qf3 Nc7 14. Bd2 Be6 15. O-O-O d5 16. exd5 cxd5 17. Bb3 Qd7 18. Rdg1 O-O-O 19. Nc2 Kb8 20. Qd1 Rc8 21. f3 Bf8 22. g4 Bc5 23. Re1 Nxg4 24. fxg4 Bxg4 25. Re2 Rxh5 26. Rxh5 Bxh5 27. Qe1 Bxe2 28. Qxe2 Ne6 29. Qg4 Rd8 30. Ba4 Qd6 31. b4 Bb6 32. Na3 Nf4 33. Bxf4 exf4 34. d4 Bxd4 35. Kc2 Be5 36. Nb5 Qb6 37. Kb3 a6 38. Na3 Qc7 39. Qf3 b5 40. Bxb5 axb5 41. Nxb5 Qc4+ 42. Ka4 Kb7 0-1

[Event "44.Semif. C. ITA Magistrale"]
[Site "Salsomaggiore Terme ITA"]
[Date "1984.12.01"]
[Round "8.6"]
[White "Primavera, Roberto"]
[Black "Bellatalla, Emilio"]
[Result "1/2-1/2"]
[WhiteElo "2153"]
[BlackElo "1900"]
[Annotator "Gabriele Ballarin"]
[PlyCount "52"]
[EventDate "1984.11.24"]
[EventType "swiss"]
[EventRounds "9"]
[EventCountry "ITA"]

1. e4 c6 2. d4 d5 3. exd5 cxd5 4. c4 Nf6 5. Nc3 g6 6. Qb3 Bg7 7. cxd5 O-O 8. Be2 Nbd7 9. Bf3 Nb6 10. Bg5 Bf5 11. Nge2 Bd3 12. Qd1 Ba6 13. Bxf6 exf6 14. O-O f5 15. Re1 Re8 16. a4 Bxe2 17. Rxe2 Rxe2 18. Qxe2 Bxd4 19. a5 Nd7 20. d6 Rb8 21. Qe7 Bf6 22. Qxd8+ Rxd8 23. Bxb7 Nc5 24. a6 Bxc3 25. bxc3 Rxd6 26. Kf1 Rb6 1/2-1/2

[Event "44.Semif. C. ITA Magistrale"]
[Site "Salsomaggiore Terme ITA"]
[Date "1984.11.24"]
[Round "8.7"]
[White "Simoli, Sergio"]
[Black "Pederzoli, Sergio"]
[Result "0-1"]
[WhiteElo "2155"]
[BlackElo "1937"]
[Annotator "Gabriele Ballarin"]
[PlyCount "97"]
[EventDate "1984.11.24"]
[EventType "swiss"]
[EventRounds "9"]
[EventCountry "ITA"]
[SourceTitle "OM OTB 201609"]
[Source "Opening Master"]
[SourceDate "2016.09.17"]
[SourceVersion "5"]
[SourceVersionDate "2016.09.17"]
[SourceQuality "1"]

1. e4 e5 2. Nf3 Nc6 3. Bb5 a6 4. Ba4 Nf6 5. O-O Be7 6. d4 O-O 7. d5 Nb8 8. c4 d6 9. Nc3 Nbd7 10. h3 Nb6 11. Bb3 Ne8 12. a4 a5 13. Be3 f5 14. exf5 Bxf5 15. Nxe5 dxe5 16. c5 Kh8 17. cxb6 cxb6 18. Qe2 Nd6 19. Rac1 Bd7 20. Bc2 Rc8 21. Rfd1 Rc4 22. Nb5 Bxb5 23. axb5 Rb4 24. Bd2 Rh4 25. g3 Rd4 26. Qxe5 Bf6 27. Qh5 Ne4 28. Be3 g6 29. Qe2 Rb4 30. Bxe4 Rxe4 31. d6 Qd7 32. Qf3 Ree8 33. Rc7 Qxh3 34. d7 Rd8 35. Qxb7 h5 36. Qe4 h4 37. g4 Kh7 38. Rc8 Rfe8 39. Qf4 Rxe3 40. fxe3 Be5 41. Qxe5 Qxg4+ 42. Kf2 Qxd1 43. Qe7+ Kh6 44. Qxh4+ Kg7 45. Rxd8 Qd2+ 46. Kf3 Qd1+ 47. Ke4 Qa4+ 48. Kd3 Qxh4 49. Re8 0-1

[Event "44.Semif. C. ITA Magistrale"]
[Site "Salsomaggiore Terme ITA"]
[Date "1984.12.01"]
[Round "8.8"]
[White "Minarelli, Guido"]
[Black "Amovilli, Mauro"]
[Result "1-0"]
[WhiteElo "2102"]
[BlackElo "2082"]
[Annotator "Gabriele Ballarin"]
[PlyCount "31"]
[EventDate "1984.11.24"]
[EventType "swiss"]
[EventRounds "9"]
[EventCountry "ITA"]

1. d4 d5 2. Nf3 c6 3. e3 Bg4 4. c4 Nd7 5. cxd5 cxd5 6. Qb3 Qc7 7. Nc3 e6 8. Ne5 Nxe5 9. dxe5 Nh6 10. h3 Bf5 11. e4 Bxe4 12. Nxe4 Qxe5 13. Qxb7 Qxe4+ 14. Kd1 Qd4+ 15. Bd2 Bb4 16. Qxa8+ 1-0

[Event "44.Semif. C. ITA Magistrale"]
[Site "Salsomaggiore Terme ITA"]
[Date "1984.12.01"]
[Round "8.9"]
[White "Palmiotto, Fiorentino"]
[Black "Iudicello, Marco"]
[Result "1-0"]
[WhiteElo "2067"]
[BlackElo "1973"]
[Annotator "Gabriele Ballarin"]
[PlyCount "95"]
[EventDate "1984.11.24"]
[EventType "swiss"]
[EventRounds "9"]
[EventCountry "ITA"]

1. d4 e6 2. c4 b6 3. e4 Bb7 4. Nc3 Bb4 5. Bd3 f5 6. Qe2 Nf6 7. Bg5 fxe4 8. Bxe4 Bxe4 9. Bxf6 Qxf6 10. Qxe4 Nc6 11. Nge2 O-O 12. O-O Qf5 13. Qxf5 Rxf5 14. Rad1 Re8 15. Nb5 Bd6 16. Nec3 Bf4 17. g3 a6 18. d5 exd5 19. cxd5 axb5 20. dxc6 Bd6 21. cxd7 Rd8 22. Ne4 Be5 23. Rd2 Rf7 24. f4 Bf6 25. Rfd1 c5 26. Nxf6+ Rxf6 27. Rd6 Rxd6 28. Rxd6 b4 29. Kf2 Kf7 30. Ke3 Ke7 31. Rxb6 Rxd7 32. Rc6 Rd5 33. Rc7+ Kf6 34. a4 bxa3 35. bxa3 h6 36. g4 h5 37. g5+ Kg6 38. h4 Kh7 39. a4 Kg6 40. a5 c4 41. a6 Ra5 42. a7 c3 43. f5+ Kh7 44. f6 c2 45. f7 Rxa7 46. f8=Q Rxc7 47. g6+ Kxg6 48. Qd6+ 1-0

[Event "44.Semif. C. ITA Magistrale"]
[Site "Salsomaggiore Terme ITA"]
[Date "1984.12.01"]
[Round "8.10"]
[White "Cordara, Michele"]
[Black "Fiore, Mario Angelo"]
[Result "1/2-1/2"]
[WhiteElo "2143"]
[BlackElo "1986"]
[Annotator "Gabriele Ballarin"]
[PlyCount "125"]
[EventDate "1984.11.24"]
[EventType "swiss"]
[EventRounds "9"]
[EventCountry "ITA"]

1. d4 d5 2. Nf3 e6 3. b3 Nf6 4. e3 c5 5. Bd3 Nc6 6. O-O cxd4 7. exd4 Be7 8. Nbd2 Qa5 9. Bb2 Ba3 10. Qc1 Bxb2 11. Qxb2 O-O 12. c4 b6 13. a3 dxc4 14. bxc4 Ba6 15. Rfc1 Rac8 16. Ne4 Nxe4 17. Bxe4 Ne7 18. Bd3 Rfd8 19. Qb4 Nc6 20. Qb2 Qh5 21. Bf1 Qg4 22. c5 Bxf1 23. Kxf1 bxc5 24. dxc5 Qf5 25. Qb7 h6 26. Qa6 e5 27. Rd1 Qc2 28. Rdc1 Qd3+ 29. Qxd3 Rxd3 30. Rc4 Rd5 31. Rac1 Na5 32. R4c3 Rc6 33. Ne1 e4 34. Ke2 Nb7 35. Ke3 f5 36. g4 g6 37. gxf5 gxf5 38. Kf4 Rcxc5 39. Ng2 Rxc3 40. Rxc3 Nc5 41. Nh4 Ne6+ 42. Ke3 Kf7 43. f3 exf3 44. Nxf3 Ra5 45. Ne1 Re5+ 46. Kf2 Nc5 47. Nd3 Nxd3+ 48. Rxd3 Kg6 49. Rd6+ Kg5 50. Ra6 Re7 51. Kf3 Rc7 52. h4+ Kxh4 53. Rxh6+ Kg5 54. Ra6 Rc3+ 55. Kf2 Kg4 56. Rxa7 Rc2+ 57. Kg1 Kf3 58. Rb7 Rc1+ 59. Kh2 Rc3 60. a4 Ra3 61. a5 f4 62. a6 Rxa6 63. Rb3+ 1/2-1/2

[Event "44.Semif. C. ITA Magistrale"]
[Site "Salsomaggiore Terme ITA"]
[Date "1984.12.01"]
[Round "8.11"]
[White "Luciani, Carlo"]
[Black "Laco, Giuseppe"]
[Result "1-0"]
[WhiteElo "2144"]
[BlackElo "2146"]
[Annotator "Gabriele Ballarin"]
[PlyCount "93"]
[EventDate "1984.11.24"]
[EventType "swiss"]
[EventRounds "9"]
[EventCountry "ITA"]

1. e4 c5 2. Nf3 e6 3. d4 cxd4 4. Nxd4 Nf6 5. Nc3 a6 6. e5 Ng8 7. Bd3 Qc7 8. Qe2 d5 9. exd6 Bxd6 10. Bd2 Ne7 11. O-O-O Nbc6 12. Nxc6 bxc6 13. Qg4 Be5 14. Rhe1 Ng6 15. g3 O-O 16. h4 Bf6 17. Qh5 Rb8 18. b3 Qe7 19. Kb1 Rd8 20. Ne4 Rd5 21. Nxf6+ gxf6 22. Qe2 Ne5 23. Be4 Rdb5 24. Bc3 a5 25. Qd2 Ba6 26. Qh6 Ng6 27. h5 Rc5 28. Bb2 a4 29. hxg6 fxg6 30. Qf4 e5 31. Qd2 axb3 32. axb3 Rcb5 33. Bxc6 R5b6 34. Qd7 Qxd7 35. Bxd7 Bc4 36. Ba4 Rb4 37. Bc6 Bf7 38. Rd7 h5 39. Rc7 R4b6 40. Rd1 Be6 41. Bd5 Bxd5 42. Rxd5 R6b7 43. Rdd7 Rxc7 44. Rxc7 Rb4 45. Kc1 h4 46. gxh4 Rf4 47. Bc3 1-0

[Event "44.Semif. C. ITA Magistrale"]
[Site "Salsomaggiore Terme ITA"]
[Date "1984.12.01"]
[Round "8.12"]
[White "Lantini, Marco"]
[Black "Colombo, Paolo"]
[Result "1-0"]
[WhiteElo "2017"]
[BlackElo "2022"]
[Annotator "Gabriele Ballarin"]
[PlyCount "79"]
[EventDate "1984.11.24"]
[EventType "swiss"]
[EventRounds "9"]
[EventCountry "ITA"]

1. d4 c5 2. d5 e5 3. c4 f5 4. e4 d6 5. exf5 Bxf5 6. Bd3 Bxd3 7. Qxd3 Nf6 8. Nc3 Na6 9. Nf3 Qd7 10. O-O Be7 11. Ng5 O-O 12. Ne6 Rf7 13. f4 Nb4 14. Qd1 exf4 15. Bxf4 Na6 16. Bg3 Nc7 17. Qe2 a6 18. Rae1 Re8 19. Ne4 Nxe4 20. Rxf7 Kxf7 21. Nxc7 Qxc7 22. Qxe4 Qd7 23. Qxh7 Rf8 24. Rf1+ Bf6 25. Bh4 Ke8 26. Bxf6 gxf6 27. Re1+ Kd8 28. Qxd7+ Kxd7 29. h4 Rh8 30. g3 f5 31. Rf1 Rh5 32. Kg2 b5 33. b3 Kc7 34. Kf3 Rh7 35. Re1 Rg7 36. h5 Kd7 37. h6 Rg5 38. Rh1 Rg8 39. h7 Rh8 40. Kf4 1-0

[Event "44.Semif. C. ITA Magistrale"]
[Site "Salsomaggiore Terme ITA"]
[Date "1984.12.01"]
[Round "8.13"]
[White "Rupeni, Franco"]
[Black "Paoli, Enrico"]
[Result "0-1"]
[WhiteElo "2201"]
[BlackElo "2190"]
[Annotator "Gabriele Ballarin"]
[PlyCount "80"]
[EventDate "1984.11.24"]
[EventType "swiss"]
[EventRounds "9"]
[EventCountry "ITA"]

1. e4 e5 2. Nc3 Bc5 3. g3 d6 4. Bg2 Nc6 5. Na4 Bb6 6. Nxb6 axb6 7. Ne2 Bg4 8. h3 Be6 9. O-O d5 10. f4 dxe4 11. f5 Bd5 12. b3 Nd4 13. Nc3 Nf6 14. g4 h6 15. Re1 O-O 16. Bb2 Re8 17. Nxe4 Nxe4 18. Bxe4 Bxe4 19. Rxe4 Qd5 20. d3 Qc5 21. Kh1 Nb5 22. a4 Nd6 23. Ba3 Qc6 24. Bxd6 cxd6 25. Kh2 d5 26. Re2 e4 27. dxe4 dxe4 28. Qe1 Qd6+ 29. Qg3 Qd4 30. Rae1 Rac8 31. c4 Rc5 32. Qe3 Qf6 33. Rd1 h5 34. Red2 hxg4 35. hxg4 Qh4+ 36. Qh3 Qg5 37. Rd7 Rc6 38. R7d6 Rxd6 39. Rxd6 e3 40. Rd1 e2 0-1

[Event "44.Semif. C. ITA Magistrale"]
[Site "Salsomaggiore Terme ITA"]
[Date "1984.12.01"]
[Round "8.14"]
[White "Pernisco, Ermanno"]
[Black "Magrin, Antonio"]
[Result "1-0"]
[WhiteElo "2010"]
[BlackElo "2116"]
[Annotator "Gabriele Ballarin"]
[PlyCount "95"]
[EventDate "1984.11.24"]
[EventType "swiss"]
[EventRounds "9"]
[EventCountry "ITA"]

1. c4 g6 2. Nc3 Bg7 3. d4 d6 4. Nf3 Nf6 5. h3 Nbd7 6. e4 Nf8 7. Be3 c6 8. Qd2 h5 9. Bd3 Qa5 10. a3 Qc7 11. b4 b6 12. Rc1 N8d7 13. c5 bxc5 14. bxc5 dxc5 15. e5 Nd5 16. Nxd5 cxd5 17. e6 fxe6 18. Bxg6+ Kd8 19. Ng5 Qc6 20. Nf7+ Kc7 21. Nxh8 Bxh8 22. Bxh5 c4 23. O-O Nf6 24. Bf3 a5 25. Bf4+ Kd7 26. Rfe1 Ba6 27. Qxa5 Bb5 28. Qc3 Ba4 29. g4 Bb3 30. g5 Ne4 31. Bxe4 dxe4 32. Qe3 Rxa3 33. Qxe4 Qd5 34. Qxd5+ exd5 35. Be5 Bxe5 36. Rxe5 e6 37. Rc3 Ra1+ 38. Kg2 Ke7 39. g6 Kf6 40. Rg3 Kg7 41. Rxe6 Ra7 42. h4 Bc2 43. h5 Be4+ 44. f3 Ra2+ 45. Kg1 Ra1+ 46. Kf2 Ra2+ 47. Ke3 Ra3+ 48. Kf4 1-0